| 000 | 00000nam##2200000za#4500 |
| 001 | 9.574627 |
| 003 | CaOODSP |
| 005 | 20210624184257 |
| 007 | cr ||||||||||| |
| 008 | 150406|2009||||xxc|||||o f|0| 0 eng|d |
| 040 | |aCaOODSP|beng |
| 043 | |an-cn--- |
| 086 | 1 |aTU3-7/09-0029E-PDF |
| 110 | 2 |aTransportation Safety Board of Canada. |
| 245 | 10|aExplosion - tanker AlgoCanada near Prince Edward Point, Eastern Lake Ontario, Ontario, 24 July 2009 |h[electronic resource] |
| 260 | |aOttawa - Ontario : |bTransportation Safety Board of Canada |c[2010]. |
| 300 | |a15p.|bfigs., references, photographs |
| 490 | 1 |aMarine investigation report |vM09C0029 |
| 590 | |a12-32-Supp|b2012-07-11 |
| 775 | 08|tExplosion du pétrolier AlgoCanada près de Prince Edward Point à l'est du lac Ontario (Ontario) le 24 juillet 2009 |w(CaOODSP)9.604362 |
| 830 | #0|aMarine investigation report ;|vM09C0029|w(CaOODSP)9.504867 |
| 856 | 40|ahttp://publications.gc.ca|qPDF|s852 KB|uhttps://publications.gc.ca/collections/collection_2012/bst-tsb/TU3-7-09-0029-eng.pdf|yM09C0029 |